000 00914nam a2200253Ia 4500
003 OSt
005 20220923211654.0
006 a|||||r|||| 00| 0
007 ta
008 220922b |||||||| |||| 00| 0 hin d
024 _a42,173
037 _cTextual
040 _aARTS
_cARTS
_bhin
041 _2hin
_ahin
082 _aO151v, 152K6
100 _aनेमिचन्द्र
245 0 _aप्राकृत भाषा और साहित्य का आलोचनात्मक इतिहास
246 _aPrākṛut bhāṣhā aur sāhitya kā ālochanātmak itihāsa
260 _aवाराणसी
_b तारा पब्लिकेशन्स
_c1966
300 _a20,640पृ.
_ccm.
650 _aहिन्दी साहित्य
_9156264
942 _hO151v, 152K6
_cTEXL
_2CC
999 _c302432
_d302432